Thiết kế website Online Banking
Tổng quan về các công cụ xây dựng website Online Banking. Khảo sát và phân tích thiết kế hệ thống Website Online Banking. Xây dựng Website Online Banking.Website Online Banking được xây dựng bằng ngôn ngữ ASP.NET - C# kết hợp với cơ sở dữ liệu Sql Server...
Wedi'i Gadw mewn:
| Prif Awdur: | |
|---|---|
| Awduron Eraill: | |
| Fformat: | Llyfr |
| Cyhoeddwyd: |
Đà Nẵng
Đại học Sư phạm, Đại học Đà Nẵng
2012
|
| Pynciau: | |
| Tagiau: |
Ychwanegu Tag
Dim Tagiau, Byddwch y cyntaf i dagio'r cofnod hwn!
|
| Thư viện lưu trữ: | Mạng thư viện Đại học Đà Nẵng |
|---|
| LEADER | 01786nam a2200337 4500 | ||
|---|---|---|---|
| 001 | 000017261 | ||
| 003 | 13677 | ||
| 005 | 20130327100358.0 | ||
| 008 | 130327s2012 sd | ||
| 082 | |a 005.7585 |b VO-T | ||
| 100 | 1 | |a Võ Thị Thanh Trà | |
| 245 | |a Thiết kế website Online Banking |c Võ Thị Thanh Trà ; Lê Văn Sơn hướng dẫn |k Khóa luận tốt nghiệp | ||
| 260 | |a Đà Nẵng |b Đại học Sư phạm, Đại học Đà Nẵng |c 2012 | ||
| 300 | |a 79 tr. |b Hình mh. |c 29 cm. |e Đĩa CD, bản tóm tắt | ||
| 500 | |a Khóa luận tốt nghiệp đại học. Chuyên ngành: Cử nhân công nghệ thông tin 1 | ||
| 504 | |a Mục lục đầu trang, tài liệu tham khảo tr. 73 - 74, phụ lục [13 tr.] | ||
| 520 | |a Tổng quan về các công cụ xây dựng website Online Banking. Khảo sát và phân tích thiết kế hệ thống Website Online Banking. Xây dựng Website Online Banking.Website Online Banking được xây dựng bằng ngôn ngữ ASP.NET - C# kết hợp với cơ sở dữ liệu Sql Server | ||
| 600 | 1 | 4 | |b Vua |c Đinh Tiên Hoàng |
| 650 | 0 | 4 | |a Webstie |v Khóa luận tốt nghiệp |x Ứng dụng tin học |
| 653 | |a Webstie online banking |a Ứng dụng tin học |a Khoa Tin | ||
| 700 | |a Lê Văn Sơn |c PGS.TS |e Hướng dẫn | ||
| OWN | |a LSP | ||
| AVA | |a UDN50 |b LSP |d 005.7585 VO-T |e available |t Error 5001 Not defined in file expand_doc_bib_avail. |f 1 |g 0 |h N |i 0 |k 1 | ||
| 999 | |a From the UDN01 | ||
| AVA | |a UDN50 |b LSP |d 005.7585 VO-T |e available |t Error 5001 Not defined in file expand_doc_bib_avail. |f 1 |g 0 |h N |i 0 |k 1 | ||
| TYP | |a Monograph | ||
| TYP | |a Printed language | ||
| 980 | |a Mạng thư viện Đại học Đà Nẵng | ||